Normal view
MARC view
- Canada, John R.
Entry Personal Name
001 - CONTROL NUMBER
- control field: 2296
003 - CONTROL NUMBER IDENTIFIER
- control field: NUST
005 - DATE AND TIME OF LATEST TRANSACTION
- control field: 20170608123132.0
008 - FIXED-LENGTH DATA ELEMENTS
- fixed length control field: 170608|| aca||aabn | a|a d
040 ## - CATALOGING SOURCE
- Original cataloging agency: NUST
- Transcribing agency: NUST
100 ## - HEADING--PERSONAL NAME
- Personal name: Canada, John R.
670 ## - SOURCE DATA FOUND
- Source citation: Work cat.: (NUST)23734: John R.Canada William G. Sullivan Dennis J> Kulonda John A. White 2294, Capital investment analysis for engineering and management /, c2005.
